[Event "87th Argentinean Championship"]
[Site "Villa Martelli, ARG"]
[Date "2013.04.12"]
[Round "10.7"]
[White "Mahia, Gustavo"]
[Black "Slipak, Sergio"]
[Result "0-1"]
[WhiteElo "2371"]
[BlackElo "2438"]

1. e4 e5 2. Nf3 Nc6 3. Bb5 a6 4. Ba4 Nf6 5. O-O Be7 6. Re1 b5 7. Bb3 d6 8. c3
O-O 9. h3 Nb8 10. d4 Nbd7 11. Nbd2 Bb7 12. a4 c5 13. Bc2 Re8 14. Nf1 Bf8 15.
Ng3 g6 16. b3 cxd4 17. cxd4 exd4 18. axb5 axb5 19. Bb2 Rxa1 20. Bxa1 Nc5 21.
Qxd4 Bg7 22. Qb4 Qa8 23. Qxb5 Ncxe4 24. Nxe4 Nxe4 25. Bxg7 Kxg7 26. Qb6 Nf6
27. Rxe8 Nxe8 28. Qd4+ Nf6 29. Nh2 h5 30. g4 Qc8 31. Bd1 Qc5 32. Qb2 Qb4 33.
Nf1 Qe4 34. f3 Qf4 35. Qd2 Qe5 36. Qe3 Qa1 37. Qd2 hxg4 38. hxg4 Nd5 39. Be2
Qe5 40. Kf2 Kf6 41. b4 Nf4 42. Qe3 Nxe2 43. Kxe2 Ba6+ 44. Kf2 Bxf1 45. Kxf1
Qxe3 0-1

[Event "87th Argentinean Championship"]
[Site "Villa Martelli, ARG"]
[Date "2013.04.12"]
[Round "10.8"]
[White "Diaz Hollemaert, Nahuel"]
[Black "Fabian, Gaston"]
[Result "1-0"]
[WhiteElo "2418"]
[BlackElo "2336"]

1. Nf3 Nf6 2. g3 g6 3. b4 Bg7 4. Bb2 c6 5. c4 d5 6. cxd5 Qxd5 7. Nc3 Qd6 8.
a3 O-O 9. Bg2 a5 10. O-O axb4 11. axb4 Rxa1 12. Qxa1 Qxb4 13. Ba3 Qa5 14. Bxe7
Qxa1 15. Rxa1 Re8 16. Bd6 Na6 17. d4 Nd7 18. e3 Re6 19. Bf4 h6 20. h4 Re8
21. Nd2 Nf8 22. Nde4 Rd8 23. Na4 f6 24. Nb6 g5 25. hxg5 hxg5 26. Rxa6 bxa6 27.
Bc7 Re8 28. Nc5 Bb7 29. d5 cxd5 30. Nxb7 Ne6 31. Bxd5 Kh7 32. Bd6 Bf8 33. Bc6
1-0

[Event "87th Argentinean Championship"]
[Site "Villa Martelli, ARG"]
[Date "2013.04.12"]
[Round "10.9"]
[White "Dolezal, Cristian"]
[Black "Julia, Ernesto"]
[Result "1/2-1/2"]
[WhiteElo "2415"]
[BlackElo "2374"]

1. e4 e5 2. Bc4 Nf6 3. d3 Nc6 4. Nc3 Bc5 5. Be3 d6 6. Bxc5 dxc5 7. Bb5 Qd6 8.
Nf3 Bd7 9. Bxc6 Bxc6 10. Nd2 O-O-O 11. a3 b6 12. Qf3 Kb8 13. Nc4 Qe6 14. O-O
Bb7 15. Ne3 h6 16. b4 Rhf8 17. bxc5 Qc6 18. Rfb1 Qxc5 19. Ned1 Nd7 20. Qe3
Qc6 21. a4 a5 22. Nd5 Qc5 23. N1c3 f5 24. f3 f4 25. Qf2 Qxf2+ 26. Kxf2 Nf6 27.
Nxf6 Rxf6 28. Rb5 Re6 29. Rb2 Bc6 30. Ke2 g5 31. h3 h5 32. Nb5 Rg6 33. Rh1
g4 34. hxg4 hxg4 35. Rh5 gxf3+ 36. Kxf3 Rg3+ 37. Kf2 Rdg8 38. Rxe5 Rxg2+ 39.
Kf3 R8g4 40. Nd4 R2g3+ 41. Ke2 Rg2+ 42. Kf3 R2g3+ 43. Ke2 Rg2+ 44. Kf3 R2g3+
1/2-1/2

[Event "87th Argentinean Championship"]
[Site "Villa Martelli, ARG"]
[Date "2013.04.12"]
[Round "10.10"]
[White "Della Morte, German"]
[Black "Barrionuevo, Pablo"]
[Result "1/2-1/2"]
[WhiteElo "2318"]
[BlackElo "2269"]

1. e4 c5 2. Nf3 Nc6 3. d4 cxd4 4. Nxd4 g6 5. Nc3 Bg7 6. Be3 Nf6 7. Bc4 O-O 8.
Bb3 a6 9. O-O d6 10. h3 Bd7 11. Re1 Rc8 12. f4 Nxd4 13. Bxd4 Bc6 14. Qd3 b5
15. a4 Nd7 16. axb5 Bxd4+ 17. Qxd4 axb5 18. e5 dxe5 19. fxe5 e6 20. Qe3 Qb6
21. Qxb6 Nxb6 22. Ra5 Nc4 23. Bxc4 bxc4 24. Rd1 Rb8 25. Rc5 Ba8 26. Nb5 Bd5
27. Ra1 Rfc8 28. Rxc8+ Rxc8 29. Nc3 Rb8 30. Ra2 h5 31. h4 Kg7 32. Kf2 g5 33. g3
gxh4 34. gxh4 Kg6 35. Ke3 Kf5 36. Kd4 Rd8 37. Ra7 Be4+ 38. Kxc4 Bxc2 39.
Rxf7+ Kxe5 40. Rf2 Rc8+ 41. Kb4 Rb8+ 42. Ka3 Bf5 43. b4 Bg4 44. b5 Kd4 45. Kb4
e5 46. Rd2+ Ke3 47. Rd6 e4 48. b6 Kf4 49. Kc5 e3 50. Rf6+ Kg3 51. Rf7 Bf3 52.
Kd4 e2 53. Rg7+ Kf2 54. Nxe2 Bxe2 55. Kc5 Bf3 56. Kb5 Ke3 57. Ka6 Ra8+ 58.
Kb5 Kf4 59. Kc5 Rb8 60. Kb5 Ra8 61. Kc5 Ra1 62. Kd6 Rc1 63. Kd7 Ke5 64. Rg3
Bg4+ 65. Kd8 Kd6 66. b7 Rb1 67. Rd3+ Kc6 68. Ke7 Rxb7+ 69. Kf6 Rb5 70. Rc3+ Kb6
71. Rc1 Rc5 72. Re1 Kc6 73. Re8 Rd5 74. Ra8 Kd6 75. Ra6+ Kc5 76. Ra4 Bd1 77.
Ra1 Bg4 78. Ra4 Rf5+ 79. Kg6 Kd5 80. Ra5+ Ke4 81. Rxf5 1/2-1/2

[Event "87th Argentinean Championship"]
[Site "Villa Martelli, ARG"]
[Date "2013.04.12"]
[Round "10.11"]
[White "Cuevas, Alex"]
[Black "Perez, Maximiliano"]
[Result "1/2-1/2"]
[WhiteElo "2298"]
[BlackElo "2298"]

1. c4 g6 2. Nc3 Bg7 3. g3 d6 4. Bg2 e5 5. d3 f5 6. e4 Nf6 7. Nge2 O-O 8. O-O
c6 9. Rb1 Be6 10. b3 a5 11. d4 Qc7 12. Bg5 Nxe4 13. Nxe4 fxe4 14. dxe5 d5 15.
f3 exf3 16. Bxf3 dxc4 17. Nd4 Bh3 18. Re1 Bxe5 19. Bg4 Bxg4 20. Qxg4 Qd7 21.
Qe6+ Qxe6 22. Nxe6 Bc3 23. Rec1 Rf3 24. Kg2 Rd3 25. bxc4 Bb4 26. Rd1 Rd7 27.
Rxd7 Nxd7 28. a3 1/2-1/2

[Event "87th Argentinean Championship"]
[Site "Villa Martelli, ARG"]
[Date "2013.04.12"]
[Round "10.12"]
[White "Giardelli, Sergio C."]
[Black "Arguinariz, Enrique"]
[Result "1-0"]
[WhiteElo "2346"]
[BlackElo "2082"]

1. c4 Nf6 2. Nf3 e6 3. g3 c5 4. Bg2 Nc6 5. O-O Be7 6. b3 d5 7. e3 O-O 8. Bb2
b6 9. Qe2 Bb7 10. Nc3 d4 11. exd4 Nxd4 12. Nxd4 Bxg2 13. Kxg2 Qxd4 14. d3 Qd7
15. Qf3 {Ilegible} 1-0

[Event "87th Argentinean Championship"]
[Site "Villa Martelli, ARG"]
[Date "2013.04.12"]
[Round "10.13"]
[White "Galleto, Ricardo Ruben"]
[Black "Perez Pietronave, Carlos"]
[Result "0-1"]
[WhiteElo "2014"]
[BlackElo "2203"]

1. d4 f5 2. e4 d6 3. exf5 Bxf5 4. g4 Bg6 5. h4 e5 6. h5 Be4 7. f3 Bc6 8. d5
Bd7 9. Be3 Be7 10. Bf2 c6 11. Nc3 Nf6 12. Qd3 Na6 13. O-O-O Nb4 14. Qe4 Nfxd5
15. Nxd5 Nxd5 {Ilegible} 0-1

[Event "87th Argentinean Championship"]
[Site "Villa Martelli, ARG"]
[Date "2013.04.12"]
[Round "10.14"]
[White "Maldonado, Marcos"]
[Black "Malbran, Guillermo"]
[Result "0-1"]
[WhiteElo "1991"]
[BlackElo "2198"]

1. e4 Nf6 2. e5 Nd5 3. d4 d6 4. exd6 exd6 5. Nf3 Be7 6. c4 Nb6 7. Bd3 Bg4 8.
h3 Bh5 9. Be3 Nc6 10. Nbd2 Bf6 11. Qb3 O-O 12. a3 Re8 13. O-O-O Bxf3 14. Nxf3
d5 15. c5 Nc4 16. Bxc4 Na5 17. Qc3 Nxc4 18. Rhe1 b6 19. b3 Nxe3 20. fxe3
bxc5 21. Qxc5 Be7 22. Qa5 c6 23. Qa4 Qb6 24. Rd3 Qb5 25. Rc3 Qxa4 26. bxa4 Rec8
27. Kd2 c5 28. dxc5 Rxc5 29. Rec1 Rac8 30. Rxc5 Rxc5 31. Rxc5 Bxc5 32. Kd3 f6
33. Nd2 Kf7 34. Nb3 Bxa3 35. a5 Ke6 36. Nd4+ Kd7 37. Nb3 Kd6 38. Nd4 Kd7 39.
Nb3 g6 40. g4 Kd6 41. Kd4 Bb2+ 42. Kd3 Kc6 43. h4 Kb5 44. e4 dxe4+ 45. Kxe4
Kb4 46. Nd2 Bc3 47. Nb1 Be1 48. h5 a6 49. h6 Kb3 50. Kd5 Bxa5 51. Ke6 f5 52.
Kf6 fxg4 53. Kg7 Kb2 54. Kxh7 Kxb1 0-1

[Event "87th Argentinean Championship"]
[Site "Villa Martelli, ARG"]
[Date "2013.04.12"]
[Round "10.15"]
[White "Pineiro, Dario"]
[Black "Villarreal, Hector"]
[Result "1-0"]
[WhiteElo "2194"]
[BlackElo "2169"]

1. c4 Nf6 2. g3 g6 3. Bg2 Bg7 4. d4 d6 5. Nc3 Nbd7 6. Nf3 c6 7. O-O e5 8. e4
O-O 9. h3 Qc7 10. Be3 a6 11. Rc1 b6 12. d5 c5 13. a4 Rb8 14. Ne1 Ne8 15. f4
exf4 16. gxf4 f5 17. exf5 gxf5 18. Nf3 h6 19. Qd3 Ndf6 20. Nh4 Nh5 21. Kh2 Qf7
22. Bf3 Qf6 23. Bxh5 Qxh4 24. Bg6 Nf6 25. Bxf5 Nh5 26. Bh7+ Kh8 27. Bd2 Nxf4
28. Qg3 Qxg3+ 29. Kxg3 Nxh3 30. Rxf8+ Bxf8 31. Rf1 Bg7 32. Bf5 Ng5 33. Bxc8
Rxc8 34. Bxg5 hxg5 35. Ne4 Bxb2 36. Kg4 Be5 37. Nxg5 Kg7 38. Rf7+ Kg6 39. Rb7
Rf8 40. Ne6 Rf1 41. Rxb6 Rc1 42. Rxa6 Rxc4+ 43. Kf3 Kf5 44. Nc7 Rc3+ 45. Ke2
Ke4 46. Nb5 Rc2+ 47. Kd1 Ra2 48. Nxd6+ Kxd5 {Ilegible} 1-0

[Event "87th Argentinean Championship"]
[Site "Villa Martelli, ARG"]
[Date "2013.04.12"]
[Round "10.16"]
[White "Fiori, Hector Dionisio"]
[Black "Paternoste, Martin"]
[Result "1-0"]
[WhiteElo "2171"]
[BlackElo "2076"]

1. e4 d6 2. d4 Nf6 3. Nc3 g6 4. f4 Bg7 5. Nf3 O-O 6. e5 dxe5 7. dxe5 Qxd1+ 8.
Kxd1 Ng4 9. Ke1 Nc6 10. h3 Nh6 11. g4 f6 12. Bc4+ Kh8 13. Nb5 fxe5 14. Nxe5
Nxe5 15. fxe5 Bd7 16. Rf1 Rxf1+ 17. Kxf1 Bxb5 18. Bxb5 Rd8 19. e6 Rd1+ 20.
Kg2 c6 21. Be2 Rd6 22. Bc4 b5 23. Bb3 a5 24. Bf4 Rd4 25. Be3 a4 26. Bxd4 Bxd4
27. c3 Be5 28. Bd1 Kg7 29. Bf3 c5 30. Bc6 b4 31. cxb4 cxb4 32. Bxa4 Bxb2 33.
Rf1 g5 34. Rf3 1-0

[Event "87th Argentinean Championship"]
[Site "Villa Martelli, ARG"]
[Date "2013.04.12"]
[Round "10.17"]
[White "Leal, Jorge Augusto"]
[Black "Bertaccini, Daniel"]
[Result "0-1"]
[WhiteElo "1863"]
[BlackElo "2176"]

1. d4 Nf6 2. Nf3 g6 3. g3 Bg7 4. Bg2 O-O 5. O-O d6 6. Nbd2 Nc6 7. e4 Bg4 8.
c3 e5 9. d5 Ne7 10. h3 Bd7 11. Ne1 c6 12. c4 cxd5 13. cxd5 Bb5 14. Qb3 Bxf1
15. Bxf1 Qc7 16. Bg2 Nd7 17. Nd3 f5 18. Nc4 fxe4 19. Bxe4 Rac8 20. Ne3 Qb6 21.
Qa4 Nf6 22. Bg2 Kh8 23. Qa3 e4 24. Nf4 Nexd5 25. Nfxd5 Nxd5 26. Nxd5 Qxf2+
27. Kh2 Rc2 28. Ne3 Bd4 29. Qxd6 Bxe3 30. Qe5+ Kg8 31. Qe6+ Rf7 32. Qe8+ Kg7
33. Qe5+ Kf8 34. Qh8+ Ke7 35. Qe5+ Kd7 36. Qd5+ Kc8 37. Qe6+ Rd7 38. Qe8+ Rd8
39. Qe6+ Kb8 0-1

[Event "87th Argentinean Championship"]
[Site "Villa Martelli, ARG"]
[Date "2013.04.13"]
[Round "11.1"]
[White "Flores, Diego"]
[Black "Real De Azua, Ernesto"]
[Result "1/2-1/2"]
[WhiteElo "2600"]
[BlackElo "2450"]

1. c4 Nf6 2. Nf3 g6 3. g3 Bg7 4. Bg2 O-O 5. O-O d6 6. Nc3 e5 7. d3 h6 8. Rb1
a5 9. a3 Re8 10. b4 axb4 11. axb4 e4 12. dxe4 Nxe4 13. Nxe4 Rxe4 14. Nd2 Re8
15. Bb2 Bxb2 16. Rxb2 Qf6 17. Rb3 Bf5 18. e4 Be6 19. e5 Qxe5 20. Bxb7 Ra2 21.
Bd5 Qd4 1/2-1/2

[Event "87th Argentinean Championship"]
[Site "Villa Martelli, ARG"]
[Date "2013.04.13"]
[Round "11.3"]
[White "Mareco, Sandro"]
[Black "Liascovich, Lucas Agustin"]
[Result "1/2-1/2"]
[WhiteElo "2580"]
[BlackElo "2410"]

1. d4 d5 2. c4 e5 3. dxe5 d4 4. Nf3 Nc6 5. Nbd2 Be6 6. a3 Qd7 7. b4 Nge7 8.
b5 Na5 9. Qa4 b6 10. Bb2 c5 11. bxc6 Nexc6 12. Nxd4 Nxe5 13. Qxd7+ Kxd7 14.
Nxe6 Kxe6 15. e3 Rc8 16. Rc1 Be7 17. c5 Rxc5 18. Rxc5 Bxc5 19. Ba6 Rd8 20. Ke2
f6 21. h3 Nac6 22. Nb3 Nb8 23. Bb5 a6 24. Nxc5+ bxc5 25. Ba4 c4 26. Bc2 Nbc6
27. Bc3 Rb8 28. Rc1 h6 29. Be4 Rb3 30. f4 Nd3 31. Rc2 Na7 32. Bd4 f5 33. Bf3
Nb5 34. Rxc4 Rxa3 35. Rc6+ Kd7 36. Bxg7 Nxf4+ 37. exf4 Rxf3 38. Kxf3 Kxc6 39.
Bxh6 Kd5 40. Bg7 a5 41. g4 Ke6 42. Ba1 a4 43. Kg3 Nd6 44. h4 Ne4+ 45. Kf3
Nd2+ 46. Ke2 Nb3 1/2-1/2

[Event "87th Argentinean Championship"]
[Site "Villa Martelli, ARG"]
[Date "2013.04.13"]
[Round "11.4"]
[White "Valerga, Diego"]
[Black "Diaz Hollemaert, Nahuel"]
[Result "1/2-1/2"]
[WhiteElo "2502"]
[BlackElo "2418"]

1. d4 Nf6 2. c4 e6 3. Nc3 Bb4 4. Nf3 b6 5. Bg5 Bb7 6. e3 h6 7. Bh4 g5 8. Bg3
Ne4 9. Qc2 Bxc3+ 10. bxc3 d6 11. Bd3 f5 12. d5 Nd7 13. Nd4 Ndc5 14. dxe6 Rf8
15. Be2 Qf6 16. Bh5+ Kd8 17. f3 f4 18. Bf7 fxg3 19. hxg3 Rxf7 20. exf7 Qxf7
21. Rxh6 Qxc4 22. O-O-O Nxc3 23. Rh8+ Ke7 24. Rh7+ Kd8 25. Rh8+ Ke7 26. Rh7+
Kd8 27. Rdh1 Nxa2+ 28. Kb2 Nd3+ 29. Ka1 Nc3 30. Rh8+ Ke7 31. R8h7+ Ke8 32.
Rh8+ Ke7 33. R8h7+ 1/2-1/2

[Event "87th Argentinean Championship"]
[Site "Villa Martelli, ARG"]
[Date "2013.04.13"]
[Round "11.5"]
[White "Slipak, Sergio"]
[Black "Lorenzini, Martin"]
[Result "0-1"]
[WhiteElo "2438"]
[BlackElo "2488"]

1. e4 d5 2. exd5 Qxd5 3. Nc3 Qa5 4. d4 Nf6 5. Nf3 Bg4 6. h3 Bh5 7. g4 Bg6 8.
Ne5 e6 9. Bg2 c6 10. Bd2 Qb6 11. Qe2 Nbd7 12. Nc4 Qc7 13. h4 h5 14. g5 Nd5
15. Nxd5 cxd5 16. Bxd5 Rc8 17. Ne3 Qb6 18. Bb3 Qxd4 19. O-O-O Ba3 20. Bc3 Qxc3
21. bxa3 O-O 22. Qe1 Qa1+ 23. Kd2 Qe5 24. f4 Qxf4 25. Rf1 Qc7 26. Ke2 Nc5 27.
Kf2 Qh2+ 28. Ng2 Ne4+ 29. Kf3 Qh3+ 0-1

[Event "87th Argentinean Championship"]
[Site "Villa Martelli, ARG"]
[Date "2013.04.13"]
[Round "11.6"]
[White "Julia, Ernesto"]
[Black "Perez Ponsa, Federico"]
[Result "1/2-1/2"]
[WhiteElo "2374"]
[BlackElo "2476"]

1. Nf3 g6 2. g3 Bg7 3. d4 Nf6 4. Bg2 O-O 5. O-O d6 6. b3 c5 7. Bb2 cxd4 8.
Nxd4 d5 9. Na3 e5 10. Nf3 e4 11. Nd4 e3 12. f4 Ng4 13. Qc1 Qb6 14. Nf3 Nc6 15.
Bxg7 Kxg7 16. c4 d4 17. c5 Qd8 18. Nb5 Qf6 19. Qb2 Rd8 20. Nd6 Rxd6 21. cxd6
Bf5 22. Rac1 Rd8 23. Rxc6 bxc6 24. Qxd4 Qxd4 25. Nxd4 Rxd6 26. Nxf5+ gxf5 27.
Rc1 Rd2 28. Bf3 Rxa2 29. Rxc6 a5 30. Rc5 Kf6 31. Rc6+ Kg7 32. Rc5 Kf6 33.
Rc3 Ra3 34. h3 Nh6 35. Bc6 Ng8 36. Kg2 Ne7 37. Kf3 h5 38. Ba4 Ra1 39. Rxe3 h4
40. Rd3 Ng6 41. e3 Rg1 42. gxh4 Nxh4+ 43. Ke2 Rg2+ 44. Kd1 Rg3 45. Kd2 Ng2 46.
Bc6 Rxh3 47. Bxg2 Rh2 48. Rd6+ Ke7 49. Rd5 Rxg2+ 50. Kc3 Ra2 51. Rxf5 a4 52.
Re5+ Kd6 53. bxa4 Rxa4 54. Kd3 f6 55. Re8 Kd7 56. Rb8 f5 57. Rb6 Ke7 58. Ke2
Kf7 59. Kf3 Ra1 60. Rc6 Rb1 61. Ra6 Rc1 62. Ke2 Rb1 63. Ra3 Ke7 64. Kd3 Rd1+
65. Kc4 Ke6 66. Ra6+ Ke7 67. Rb6 Rd2 68. Rb3 Ke6 69. Rb6+ Ke7 70. Rb5 Ke6
71. Re5+ Kf6 72. Kc5 Rd1 73. Rd5 Rc1+ 74. Kd6 Rc3 75. Re5 Rd3+ 76. Kc5 Rc3+ 77.
Kd4 Rc1 78. Rc5 Rd1+ 79. Kc4 Rc1+ 80. Kb5 Rb1+ 81. Kc6 Rb3 82. Re5 1/2-1/2

[Event "87th Argentinean Championship"]
[Site "Villa Martelli, ARG"]
[Date "2013.04.13"]
[Round "11.7"]
[White "Barrionuevo, Pablo"]
[Black "Dolezal, Cristian"]
[Result "1-0"]
[WhiteElo "2269"]
[BlackElo "2415"]

1. d4 e6 2. Nf3 d5 3. c4 Nf6 4. g3 Be7 5. Bg2 O-O 6. O-O c6 7. Qc2 Nbd7 8.
Nbd2 b5 9. c5 a5 10. Re1 Nh5 11. e4 g6 12. e5 Re8 13. Nf1 f5 14. exf6 Bxf6 15.
g4 Ng7 16. g5 Be7 17. Ng3 e5 18. Rxe5 Nxe5 19. Nxe5 Bd7 20. Be3 Qc8 21. Nxg6
hxg6 22. Qxg6 Bg4 23. Qh6 Bxg5 24. Qxg5 Ra7 25. Bf4 Qe6 26. Be5 Rf7 27. Bf1
Bf3 28. Bd3 Qh3 29. Nf5 Rxe5 30. Nh6+ Kf8 31. dxe5 Re7 32. Bf5 Qh5 33. Qf6+
Rf7 34. Qd6+ Re7 35. Qf6+ Rf7 36. Qxf7+ Qxf7 37. Nxf7 Kxf7 38. Bd3 Ne6 39. Rc1
d4 40. a4 Nf4 41. axb5 Nxd3 42. b6 Nxe5 43. b7 Nd7 44. Rc4 Nb8 45. Rxd4 Ke7
46. h4 Bd5 47. h5 Kf6 48. Rg4 Be6 49. Rg6+ Kf7 50. f4 Bc4 51. f5 Bd3 52. Rd6
Bxf5 53. Rd8 Na6 54. Ra8 1-0

[Event "87th Argentinean Championship"]
[Site "Villa Martelli, ARG"]
[Date "2013.04.13"]
[Round "11.8"]
[White "Lujan, Carolina"]
[Black "Krysa, Leandro Sergio"]
[Result "1/2-1/2"]
[WhiteElo "2366"]
[BlackElo "2378"]

1. e4 e5 2. Nf3 Nc6 3. Bc4 Bc5 4. d3 Nf6 5. c3 d6 6. Bb3 O-O 7. h3 Ne7 8.
Nbd2 Ng6 9. Nf1 d5 10. Qe2 Re8 11. g3 c6 12. Bg5 h6 13. Bxf6 Qxf6 14. Ne3 dxe4
15. dxe4 Bxe3 16. Qxe3 1/2-1/2

[Event "87th Argentinean Championship"]
[Site "Villa Martelli, ARG"]
[Date "2013.04.13"]
[Round "11.9"]
[White "Cuevas, Alex"]
[Black "Mahia, Gustavo"]
[Result "0-1"]
[WhiteElo "2298"]
[BlackElo "2371"]

1. c4 Nf6 2. Nc3 g6 3. g3 Bg7 4. Bg2 O-O 5. e4 c5 6. Nge2 Nc6 7. O-O d6 8. d3
Ne8 9. Be3 Nd4 10. Rb1 a5 11. Qd2 Rb8 12. f4 Nc7 13. b3 b5 14. h3 f5 15.
exf5 gxf5 16. Nd5 Nce6 17. Bf2 Rf7 18. cxb5 Rxb5 19. Nec3 Rb8 20. g4 Nf8 21.
gxf5 Bxf5 22. Ne4 Bxh3 23. Ng5 Bxg2 24. Nxf7 Bxd5 25. Ng5 h6 0-1

[Event "87th Argentinean Championship"]
[Site "Villa Martelli, ARG"]
[Date "2013.04.13"]
[Round "11.10"]
[White "Malbran, Guillermo"]
[Black "Giardelli, Sergio C."]
[Result "0-1"]
[WhiteElo "2198"]
[BlackElo "2346"]

1. e4 c5 2. Nf3 Nc6 3. Bb5 g6 4. O-O Bg7 5. h3 Nf6 6. Re1 O-O 7. c3 Qb6 8.
Ba4 Qa6 9. d4 cxd4 10. cxd4 d5 11. e5 Ne4 12. Nc3 Nxc3 13. bxc3 Na5 14. Bg5 Qe6
15. Qe2 h6 16. Bh4 Nc4 17. Nd2 Nxd2 18. Qxd2 Bd7 19. Bd1 Rfc8 20. f4 Qc6 21.
Re3 e6 22. Be7 b5 23. Rb1 Bf8 24. Bxf8 Rxf8 25. Rf3 Kg7 26. Bc2 a5 27. a3
Qc7 28. Bd3 Rab8 29. Be2 Qd8 30. Rff1 Qe7 31. Rb3 Rfc8 32. Rfb1 Rc7 33. a4 b4
34. cxb4 Bxa4 35. Ra3 Bc2 36. Rb2 axb4 37. Ra1 b3 38. Bd1 Qb4 39. Qxb4 Rxb4
40. Rc1 Rxd4 41. Bxc2 bxc2 42. Rcxc2 Rxc2 43. Rxc2 Rxf4 44. Re2 Re4 45. Rxe4
dxe4 46. Kf2 f5 0-1

[Event "87th Argentinean Championship"]
[Site "Villa Martelli, ARG"]
[Date "2013.04.13"]
[Round "11.11"]
[White "Fabian, Gaston"]
[Black "Pineiro, Dario"]
[Result "1/2-1/2"]
[WhiteElo "2336"]
[BlackElo "2194"]

1. e4 c6 2. d4 d5 3. e5 Bf5 4. h4 h6 5. g4 Be4 6. f3 Bg6 7. h5 Bh7 8. Bd3
Bxd3 9. Qxd3 e6 10. f4 Qa5+ 11. c3 Qa6 12. Qxa6 Nxa6 13. Nf3 c5 14. Be3 Rc8 15.
Nbd2 Ne7 16. Ke2 Kd7 17. Nb3 b6 18. Nbd2 cxd4 19. cxd4 Nb4 20. Bf2 f5 21. g5
g6 22. a3 Na6 23. hxg6 Nxg6 24. Be3 hxg5 25. Rxh8 Nxh8 26. Nxg5 Be7 27. Rh1
Ng6 28. Rh6 Rg8 29. Ndf3 Nc7 30. Rh7 Ne8 31. Rh6 Bf8 32. Rh7+ Rg7 33. Rh1 Be7
34. Bd2 Rg8 35. Rh6 Bf8 36. Rh7+ Rg7 37. Rh1 Rg8 38. Rh7+ Rg7 39. Rh1 Rg8
1/2-1/2

[Event "87th Argentinean Championship"]
[Site "Villa Martelli, ARG"]
[Date "2013.04.13"]
[Round "11.12"]
[White "Perez, Maximiliano"]
[Black "Pichot, Alan"]
[Result "0-1"]
[WhiteElo "2298"]
[BlackElo "2327"]

1. d4 Nf6 2. c4 c5 3. d5 b5 4. a4 bxc4 5. Nc3 g6 6. e4 d6 7. Bxc4 Bg7 8. Nge2
O-O 9. O-O Ba6 10. Bb5 Qb6 11. h3 Ne8 12. Qd3 Nc7 13. a5 Qb7 14. Bc4 Nd7 15.
f4 Bxc4 16. Qxc4 Rab8 17. Qa4 Nb5 18. Be3 Nxc3 19. bxc3 Qb5 20. Qc2 Qb3 21.
Qd3 Qb5 22. Qc2 Nf6 23. Rfb1 Qc4 24. Ng3 h5 25. h4 Ng4 26. Bd2 Bd4+ 27. Kh1
Bf6 0-1

[Event "87th Argentinean Championship"]
[Site "Villa Martelli, ARG"]
[Date "2013.04.13"]
[Round "11.13"]
[White "Perez Pietronave, Carlos"]
[Black "Della Morte, German"]
[Result "1-0"]
[WhiteElo "2203"]
[BlackElo "2318"]

1. f4 Nf6 2. Nf3 g6 3. g3 Bg7 4. Bg2 O-O 5. O-O d5 6. d3 b6 7. Nc3 Bb7 8. e4
dxe4 9. Ng5 c5 10. dxe4 Qd4+ 11. Qxd4 cxd4 12. Nb5 Rc8 13. e5 Bxg2 14. Kxg2
Rxc2+ 15. Rf2 Rxf2+ 16. Kxf2 Nd5 17. Nxd4 Na6 18. Bd2 Rc8 19. Ke2 f6 20. Ngf3
fxe5 21. fxe5 h6 22. h4 Nab4 23. a3 Nc2 24. Nxc2 Rxc2 25. Rb1 Rc4 26. Rc1
Re4+ 27. Kd3 Rg4 28. Be1 Kf7 29. b3 h5 30. Nh2 Bxe5 31. Nxg4 hxg4 32. Rc4 Nf6
33. Ra4 Bb8 34. Bf2 e5 35. Rc4 Ke6 36. Rc8 Bd6 37. b4 e4+ 38. Ke3 a5 39. bxa5
bxa5 40. a4 Bb4 41. Kd4 Kf5 42. Rb8 Bd2 43. Rb5+ Ke6 44. Be3 Be1 45. Re5+ Kf7
46. Bf4 Bf2+ 47. Kc4 Be1 48. Bg5 Bxg3 49. Rxa5 Nh5 50. Ra7+ Ke6 51. Re7+ Kf5
52. a5 Bd6 53. Rf7+ Ke6 54. a6 g3 55. a7 g2 56. Be3 Kxf7 57. a8=Q Bh2 58.
Qd5+ Kf8 59. Qxe4 Nf4 60. Bg1 1-0

[Event "87th Argentinean Championship"]
[Site "Villa Martelli, ARG"]
[Date "2013.04.13"]
[Round "11.14"]
[White "Bertaccini, Daniel"]
[Black "Fiori, Hector Dionisio"]
[Result "1-0"]
[WhiteElo "2176"]
[BlackElo "2171"]

1. c4 e5 2. Nc3 Nc6 3. g3 Bc5 4. Bg2 Nge7 5. Na4 d6 6. Nxc5 dxc5 7. d3 O-O 8.
Nf3 Be6 9. O-O f6 10. Nd2 Qd7 11. Ne4 b6 12. b3 Rad8 13. Bb2 Nf5 14. Qd2
Nfd4 15. Nc3 Ne7 16. Rfd1 Bg4 17. f3 Bh3 18. e3 Bxg2 19. Qxg2 Ndf5 20. Qf2 Rfe8
21. Rd2 Nc6 22. Nd5 Nfe7 23. Nxe7+ Rxe7 24. Rad1 Rde8 25. Bc3 Qf5 26. a3 a5
27. Kg2 h5 28. Rb2 Rd7 29. Rbd2 Rde7 30. h3 Qg6 31. Kh2 Kh7 32. g4 Nd8 33. Qh4
Qh6 34. Qxh5 Qxh5 35. gxh5 Kh6 36. Kg3 Kxh5 37. b4 axb4 38. axb4 cxb4 39.
Bxb4 c5 40. Bc3 Nc6 41. Rb1 Rb7 42. Rdb2 Reb8 43. Rb3 f5 44. f4 exf4+ 45. exf4
Rd8 46. Be1 Rbd7 47. Rd1 Nb4 48. Bxb4 cxb4 49. Kf3 Rd4 50. Ke3 Rxc4 51. dxc4
Rxd1 52. Rxb4 Rd6 53. Rb5 g6 54. Rd5 Re6+ 55. Kf3 Kh4 56. Rd8 1-0

[Event "87th Argentinean Championship"]
[Site "Villa Martelli, ARG"]
[Date "2013.04.13"]
[Round "11.16"]
[White "Villarreal, Hector"]
[Black "Leal, Jorge Augusto"]
[Result "0-1"]
[WhiteElo "2169"]
[BlackElo "1863"]

1. Nf3 d5 2. g3 c6 3. Bg2 Bf5 4. d3 Nd7 5. Nbd2 Ngf6 6. c4 e6 7. O-O Be7 8.
Nh4 Bg4 9. h3 Bh5 10. g4 Bg6 11. Nxg6 hxg6 12. a3 Qc7 13. Nf3 Bd6 14. Re1 Ne5
15. e4 dxc4 16. d4 Nxf3+ 17. Qxf3 e5 18. Qe2 Qa5 19. Bd2 Qb5 20. Bc3 Nd7 21.
a4 Qb3 22. d5 Nc5 23. Ra3 Qb6 24. Qxc4 O-O 25. a5 Qc7 26. Bxe5 Bxe5 27. Qxc5
Bd6 28. Qc3 Bxa3 29. Qxa3 cxd5 30. exd5 Rfe8 31. Rd1 Rad8 32. a6 b6 33. d6
Qd7 34. Bd5 Kh8 35. Bb3 Re4 36. Bc2 Re6 37. Qg3 Rxd6 38. Re1 Kg8 39. Qb3 Re8
40. Rxe8+ Qxe8 41. Qc3 Rc6 42. Qd2 Qc8 43. Bd3 Rc1+ 44. Kg2 Qc6+ 45. f3 Qc5 46.
Kg3 Rg1+ 47. Kh2 Ra1 48. Kg3 Qe5+ 49. f4 Qe1+ 50. Qxe1 Rxe1 51. Kf2 Rh1 52.
Bf1 Kf8 53. Kg2 Rxf1 54. Kxf1 Ke7 55. Ke2 Kd6 56. Kd3 Kd5 57. h4 f6 58. Ke3
f5 59. gxf5 gxf5 60. Kd3 Kc5 61. h5 b5 62. Kc3 b4+ 63. Kd3 Kb5 64. Kd4 Kxa6
65. Kc5 b3 66. Kc6 Ka5 67. Kc5 a6 68. Kc4 Kb6 69. Kxb3 Kc5 70. Ka4 Kd4 71. Ka5
Ke4 72. Kxa6 Kxf4 73. b4 Kg5 74. b5 f4 75. b6 f3 76. b7 f2 77. b8=Q f1=Q+ 78.
Qb5+ Qxb5+ 79. Kxb5 Kxh5 80. Kc4 Kg4 81. Kd3 Kf3 0-1

[Event "87th Argentinean Championship"]
[Site "Villa Martelli, ARG"]
[Date "2013.04.13"]
[Round "11.17"]
[White "Arguinariz, Enrique"]
[Black "Maldonado, Marcos"]
[Result "1/2-1/2"]
[WhiteElo "2082"]
[BlackElo "1991"]

1. Nf3 d5 2. d4 e6 3. c4 c6 4. cxd5 exd5 5. Qc2 Nf6 6. Bg5 Qa5+ 7. Bd2 Bb4 8.
Bxb4 Qxb4+ 9. Nc3 O-O 10. a3 Qe7 11. e3 Ne4 12. Bd3 f5 13. O-O g6 14. b4 a6
15. Rab1 Nd6 16. a4 Bd7 17. b5 Rc8 18. Rfc1 axb5 19. axb5 Ra3 20. Qb2 Ne4 21.
Bxe4 fxe4 22. Ne5 Be6 23. bxc6 Nxc6 24. Nxc6 bxc6 25. Ne2 Bd7 26. Ra1 Rca8
27. h3 Qf8 28. Nf4 Qd6 29. Rxa3 Qxa3 30. Qxa3 Rxa3 31. Rb1 Ra7 32. g4 Kg7 33.
g5 h6 34. h4 hxg5 35. hxg5 Bg4 36. Kg2 Bf5 37. Kg3 Rc7 38. Rb6 Kf7 39. Rb8
Bc8 40. Rb1 Rb7 41. Rh1 Kg7 42. Rc1 Bd7 43. Rc2 Kf7 44. Ng2 Rb1 45. Ra2 Rb7 46.
Kf4 Ke6 47. Nh4 Be8 48. Ra8 Rf7+ 49. Kg3 Re7 50. Rd8 Kf7 51. Rd6 Re6 52.
Rxe6 Kxe6 53. Kf4 Bf7 1/2-1/2

[Event "87th Argentinean Championship"]
[Site "Villa Martelli, ARG"]
[Date "2013.04.13"]
[Round "11.18"]
[White "Paternoste, Martin"]
[Black "Lopez Rebert, Pablo"]
[Result "1-0"]
[WhiteElo "2076"]
[BlackElo "2049"]

1. b3 e5 2. Bb2 Nc6 3. e3 a6 4. c4 Nf6 5. a3 d5 6. cxd5 Nxd5 7. d3 Bd6 8. Nf3
O-O 9. Be2 f5 10. O-O Be6 11. Nbd2 Nb6 12. Rc1 Qf6 13. Qc2 Qh6 14. Rfe1 Rae8
15. e4 Rf6 16. Nc4 Nd7 17. exf5 Bxf5 18. Ne3 Be6 19. Nf1 Nc5 20. d4 Nxb3 21.
dxe5 Nxc1 22. Bxc1 Qg6 23. Bd3 Bf5 24. exf6 Rxe1 25. Nxe1 Bxd3 26. Qxd3 Qxf6
27. Qb3+ Kf8 28. Qxb7 Qc3 29. Qc8+ Kf7 30. Qf5+ Kg8 31. Bd2 Qxa3 32. Qd5+
1-0